| 000 | 02032cam a22004574i 4500 | ||
|---|---|---|---|
| 003 | PE-LiUPU | ||
| 005 | 20250731165358.0 | ||
| 008 | 150921s2010 pe grm 000 0 spa d | ||
| 035 | _a(Sirsi) a154473 | ||
| 040 |
_aPE-LiUPU _bspa _cPE-LiUPU _erda |
||
| 099 |
_aTE 3 _bC22 2010 |
||
| 100 | 1 |
_aCampos Ramírez, Madeleine _eautor |
|
| 245 | 1 |
_aEstrategias pedagógicas para la interiorización de los valores en los alumnos de la facultad de Ciencias Empresariales de la Universidad Peruana Unión, 2010 / _cMadeleine Campos Ramírez. |
|
| 264 | 0 | _c2010. | |
| 300 |
_a90 hojas _c30 cm |
||
| 336 |
_atext _2rdacontent |
||
| 337 |
_aunmediated _2rdamedia |
||
| 338 |
_avolume _2rdacarrier |
||
| 502 |
_aTesis _b(Mg.) -- _cUniversidad Peruana Unión, _d2010. |
||
| 504 | _aIncluye referencias | ||
| 520 | 3 | _aEl estudio corresponde al estudio general: determinar la relación de las estrategias didácticas con la interiorización de los valores, en los alumnos de la Facultad Ciencias Empresariales de la Universidad Peruana Unión, 2010. Además se trabajaron tres objetivos específicos: determinar la relación del dialogo (como estrategia pedagógica) con la interiorización de los valores y determinar la relación de la lectura de textos literarios (como estrategias pedagógica) con la interiorización de los valores en los alumnos. | |
| 526 | _aSEG44 | ||
| 526 | _aSEG26 | ||
| 526 | _aP151 | ||
| 526 | _aP150 | ||
| 526 | _aP149 | ||
| 526 | _aP146 | ||
| 526 | _aP145 | ||
| 526 | _aP126 | ||
| 526 | _aP125 | ||
| 526 | _aP92 | ||
| 526 | _aP75 | ||
| 526 | _aP74 | ||
| 526 | _aP27 | ||
| 526 | _aP15 | ||
| 650 | 0 | 4 |
_aValores (Filosofía) _xEnseñanza _xMetodología _vTesis. |
| 596 | _a1 | ||
| 942 |
_2ddc _cTESIS |
||
| 999 |
_aTE 3 C22 2010 _wALPHANUM _c7175 _iT01197 _lCCODEBUL3 _mBUL _r1 _sY _tTESIS _u2015-9-21 _xPOSGRADO _PP57 _o.STAFF. Tesis _d7175 |
||
| 999 |
_aTE 3 C22 2010 _wALPHANUM _c2 _iT01711 _lCCODEBUL3 _mBUL _r1 _sY _tTESIS _u2015-9-21 _xPOSGRADO _PP57 _o.STAFF. Tesis |
||
| 980 |
_81 _gALBERTO SANCHEZ Responsable de Automatización |
||